Алмазный меч, деревянный меч: роман: в 2 кн.
| Hovedforfatter: | |
|---|---|
| Sprog: | russisk |
| Udgivet: |
Москва, Эксмо, 2006
|
| Serier: | Абсолютная магия |
| Format: | MixedMaterials Bog |
| KOHA link: | https://koha.lib.tpu.ru/cgi-bin/koha/opac-detail.pl?biblionumber=112687 |
MARC
| LEADER | 00000nam1a2200000 4500 | ||
|---|---|---|---|
| 001 | 112687 | ||
| 005 | 20231031121525.0 | ||
| 035 | |a (RuTPU)RU\TPU\book\121844 | ||
| 035 | |a RU\TPU\book\84145 | ||
| 090 | |a 112687 | ||
| 100 | |a 20070402d2006 m y0rusy50 ca | ||
| 101 | 0 | |a rus | |
| 102 | |a RU | ||
| 200 | 1 | |a Алмазный меч, деревянный меч |e роман: в 2 кн. |f Н. Д. Перумов | |
| 210 | |a Москва |c Эксмо |d 2006 | ||
| 225 | 1 | |a Абсолютная магия | |
| 700 | 1 | |a Перумов |b Н. Д. |g Николай Даниилович | |
| 801 | 1 | |a RU |b 63413507 |c 20050624 |g PSBO | |
| 801 | 2 | |a RU |b 63413507 |c 20070402 |g PSBO | |
| 942 | |c BK | ||